| 000 | 00807nam a2200253 a 4500 | ||
|---|---|---|---|
| 001 | 000022581 | ||
| 003 | OSt | ||
| 005 | 20200930021703.0 | ||
| 008 | 101013s2002 sp c 000 0 spa d | ||
| 020 | _a8475561160 | ||
| 040 |
_aDO-SdBNP _bspa _cBNPHU |
||
| 082 |
_a928.41 _bF632l |
||
| 100 | 1 |
_aEstrade, Florence. _946476 |
|
| 245 | 1 | 3 |
_aEl lector de...Albert Camus. / _cFlorence Estrade. |
| 260 |
_aBarcelona : _bOceano, _c2002. |
||
| 300 |
_a204 p. : _bretr. _c21 cm. |
||
| 504 | _aIncluye referencias bibliográficas y notas al pie de las páginas. | ||
| 590 | _aInventariado, 2020/ YL | ||
| 600 | 1 | 4 |
_aCAMUS, ALBERT, _d1913-1960 _94231 |
| 650 | 4 |
_aCamus, albert, _d1913-1960 _xCrítica e interpretación _946477 |
|
| 650 | 4 |
_aCamus, albert, _xFamilia _946478 |
|
| 910 | _aEn proceso | ||
| 942 |
_2ddc _cLF1 |
||
| 999 |
_c22078 _d22078 |
||